| 000 | 00907cam a22002891 4500 | ||
|---|---|---|---|
| 001 | 22435 | ||
| 003 | BD-RjUL | ||
| 005 | 20211209000815.0 | ||
| 008 | 140308r19591955nyu 001 0 eng d | ||
| 035 | _a(BD-RjUL)22500 | ||
| 035 | _a(OCoLC)654141 | ||
| 040 |
_aDLC _cOKentU _dDLC _dBD-RjUL _beng |
||
| 041 | _aeng | ||
| 082 | 0 | 0 |
_a901.9 _bADL 1959 |
| 100 | 1 |
_aAdams, Brooks, _d1848-1927. _969274 |
|
| 245 | 1 | 4 |
_aThe law of civilization and decay : _ban essay on history / _cby Brooks Adams. |
| 260 |
_aNew York ; _bThe Macmillan company : _aLondon : _bMacmillan & co., ltd., _c1955 [Reprinted 1959] |
||
| 300 |
_axiv, 308 p. ; _c20 cm. |
||
| 504 | _aIncludes Index | ||
| 650 | 0 |
_aHistory _xPhilosophy. _969275 |
|
| 650 | 0 |
_aCivilization _xHistory. _969276 |
|
| 650 | 0 |
_aDegeneration. _953485 |
|
| 700 | 1 |
_aBeard, Charles A _98812 |
|
| 942 |
_2ddc _cBK |
||
| 999 |
_c22435 _d22435 |
||